000 00502nam a2200169Ia 4500
008 090711s9999 xx 000 0 und d
082 _b16220
100 _aजहागीरदार गजानन
245 _aसं. वाघदरी
260 _c1964
300 _a66
600 _aजहागीरदार गजानन
630 _aसं. वाघदरी
700 _aजहागीरदार गजानन
730 _aसं. वाघदरी
942 _cBOOK
999 _c304848
_d304848